000
00304nam a22001097a 4500
082
_a
510
100
_a
Yadav,Rakesh
_9
80969
245
_a
हिन्दी माध्यन Class Notes Arithmetic 2023-24
260
_a
Delhi
_b
Rakesh Yadav
_c
2024
650
_a
Mathes
_9
81908
942
_c
C. BOOKS
999
_c
66875
_d
66875